History Quiz

Random History or Century Quiz

15th or 16th Century Quiz Stats

 Plays Quiz Updated Oct 9, 2017

Challenge
Share
Tweet
Embed
Score 0/30 Timer 05:00
1 Play Today
Event 1(5)th or 1(6)th % Correct
Aztecs became dominant power in Mesoamerica???
82.5%
Christopher Columbus reached the New World???
81%
Joan of Arc burned at the stake for heresy???
80.1%
Pachacuti founded the Inca Empire???
77.5%
Johannes Gutenberg invented printing press???
77.5%
Elizabeth I became Queen of England and Ireland???
74.6%
Sandro Botticelli painted 'The Birth of Venus'???
74.3%
Sir Francis Drake circumnavigated the globe???
73.8%
Hernán Cortés started conquering Mexico???
73.4%
Francisco Pizarro conquered the Inca Empire???
73.2%
English ‘Wars of the Roses’ began???
71.4%
Turks conquered Constantinople???
68.1%
Martin Luther posted his 95 theses???
67.7%
British East India Company granted Royal Charter???
64.3%
Henry VIII ascended English Throne???
63.7%
Event 1(5)th or 1(6)th % Correct
Spanish Inquisition established???
60.2%
Chinese Forbidden City completed???
59.8%
Hundred Years' War ended???
59.4%
Sir Francis Bacon born in London???
59.2%
Jesuit order founded by Ignatius of Loyola???
54.6%
Vasco da Gama discovered sea route to India???
51.4%
Michelangelo painted ceiling of the Sistine Chapel???
48.9%
Gregorian Calendar introduced???
45.8%
Copernicus' heliocentric model of the universe???
45.2%
Leonardo da Vinci started painting ‘Mona Lisa’???
44.9%
Portuguese first capture slaves in Africa???
43.8%
Suleiman the Magnificent became Great Sultan???
43.4%
Leonardo da Vinci started painting ‘Last Supper’???
41.9%
Michelangelo created 'Pietà' statue???
36.5%
Nostradamus born in France???
31.8%

You're not logged in!

Compare scores with friends on all Sporcle quizzes.
OR
Log In

You Might Also Like...

Show Comments

Extras

Top Quizzes Today


Score Distribution

Your Account Isn't Verified!

In order to create a playlist on Sporcle, you need to verify the email address you used during registration. Go to your Sporcle Settings to finish the process.

Report this User

Report this user for behavior that violates our Community Guidelines.

Details: